Dinosaur sudden death - Statistics

General Stats
  • This quiz has been taken 29 times
  • The average score is 3 of 13
Answers on the Grid
Answers color-coded by a green-red scale on the quiz's grid according to % correct below.
Ailuroctus
Archaeopteryx
Archelon
Archosaurus
Bambiraptor
Bicyclodon
Brontosaurus
Cherodontis Rex
Deinosuchus
Dimetrodon
Diplodocus
Draco Rex Hogwartsia
Gallimimus
Giganotosaurus
Gigantosaurus
Icthyosaurus
Iguanadon
Indominus Rex
Irritator
Kentrosaurus
Majungasaurus
Mastodon
Megalodon
Megaraptor
Milisaurus
Ophiacodon
Psittacosaurus
Pteranodon
Pyroraptor
Seeroraptor
Smilodon
Xenoceratops
 
Answer Stats
Answer % Correct
Iguanadon
50%
Diplodocus
44%
Bambiraptor
39%
Pyroraptor
33%
Giganotosaurus
28%
Majungasaurus
22%
Psittacosaurus
22%
Draco Rex Hogwartsia
17%
Gallimimus
17%
Kentrosaurus
17%
Megaraptor
17%
Xenoceratops
17%
Irritator
11%
No matching quizzes found
Score Distribution
Percent of People with Each Score
Percentile by Number Answered
Your Score History
You have not taken this quiz